¿Está Dios contra la economía? : carta a Juan Pablo II /

Estudio que desarrolla elementos de economía para interpretar adecuadamente la doctrina social católica y para combatir las distorsiones en que han caído algunos movimientos al interior de la Iglesia al interpretar la relación economía-pobreza, influidos por el marxismo-leninismo, como es el caso de...

Descripció completa

Guardat en:
Dades bibliogràfiques
Autor principal: Paternot, Jacques (autor)
Altres autors: Veraldi, Gabriel (autor) (autor)
Format: Llibre
Idioma:espanyol
Publicat: Barcelona, España : Planeta, 1991, c1991
Col·lecció:(Documento Planeta; 291)
Matèries:
Etiquetes: Afegir etiqueta
Sense etiquetes, Sigues el primer a etiquetar aquest registre!

MARC

LEADER 00000nam^a2200000^a^4500
001 000286921
005 20250521000000.0
009 20260310111821.837
020 |a 968-406-047-5 
025 |a Donación Jesús Vergara Aceves, 1 ejemplar 
037 |a Acervo Xavier Clavigero 
041 |a ESP 
082 |a 261. 85  |b PAT 
100 |a Paternot, Jacques  |e (autor) 
245 1 0 |a ¿Está Dios contra la economía? :  |b carta a Juan Pablo II /  |c J. Paternot, G. Veraldi ; tr. por Daniel Alcoba. 
264 4 |a Barcelona, España :  |b Planeta,  |c 1991, c1991 
300 |a 225 p. 
336 |a texto  |b txt  |2 rdacontenido 
337 |a sin mediación  |b n  |2 rdamedio 
338 |a volumen  |b nc  |2 rdasoporte 
440 1 |a (Documento Planeta;  |v 291) 
500 |a Traducción de: Dieu est-il contre l'économie? 
520 |a Estudio que desarrolla elementos de economía para interpretar adecuadamente la doctrina social católica y para combatir las distorsiones en que han caído algunos movimientos al interior de la Iglesia al interpretar la relación economía-pobreza, influidos por el marxismo-leninismo, como es el caso de la teología de la liberación. 
649 |a XX 
650 |a Cristianismo y Economía -  |x Tema Principal 
650 |a Religión y Economía 
650 |a Socialismo 
650 |a Comunismo 
650 |a Teología de la Liberación 
650 |a Teología Social 
650 |a Iglesia y Problemas Sociales 
650 |a Catolicismo 
650 |a Cristianismo 
650 |a Religión 
700 |a Veraldi, Gabriel  |e (autor) 
910 |a Fondo Jesús Vergara Aceves S.J. 
920 |a Impresos - Libros 
930 |a Fondos Especiales 
905 |a 119 
901 |a 0500173510  |b IT2  |c ESP  |i 000054  |u 20250521 
902 |a https://opac.biblio.iteso.mx/vufind/Record/000286921